Θέματα χριστιανικής και βυζαντινής φιλοσοφίας

Αποθηκεύτηκε σε:
Λεπτομέρειες βιβλιογραφικής εγγραφής
Άλλοι συγγραφείς: Τατάκης, Βασίλειος Ν. (1897-1986)
Μορφή: Βιβλίο
Γλώσσα:Greek
Δημοσίευση: Αθήνα : Αποστολική Διακονία της Εκκλησίας της Ελλάδος, 1952
Σειρά:Βιβλιοθήκη Αποστολικής Διακονίας ; ; 37
Θέματα:
Ετικέτες: Προσθήκη ετικέτας
Δεν υπάρχουν, Καταχωρήστε ετικέτα πρώτοι!

MARC

LEADER 00000cam a2200000 i 4500
001 1/76748
008 050520s1952 gre d
035 |l 10078069 
040 |a GR-MY-UA  |b gre  |e aacr 
041 0 |a gre 
082 0 |a 141.13  |2 (22) 
245 1 0 |a Θέματα χριστιανικής και βυζαντινής φιλοσοφίας /  |c Β.Ν. Τατάκη 
260 |a Αθήνα :   |b Αποστολική Διακονία της Εκκλησίας της Ελλάδος,   |c 1952 
300 |a 317 σ.;  |c 22εκ. 
490 1 |a Βιβλιοθήκη Αποστολικής Διακονίας  |v ; 37 
500 |a Με: Οι περί ιερωσύνης λόγοι / Ιωάννου του Χρυσόστομου. - Περί ακατάληπτου του Θεού / Ιωάννου του Χρυσόστομου. - Εκλογή ελληνικής ορθοδόξου υμνογραφίας / Υπό του Παναγιώτου Ν. Τερμπέλα 
504 |a Περιέχει ευρετήριο ονομάτων και όρων 
650 0 0 |a Philosophy  |z Byzantine Empire  |x History. 
650 0 0 |a Christianity  |x Philosophy. 
650 0 0 |a Idealism  |x Philosophy. 
700 1 |a Τατάκης, Βασίλειος Ν.  |d (1897-1986) 
830 0 |a Βιβλιοθήκη Αποστολικής Διακονίας ;  |v ; 37 
852 |a INST  |b RHODES  |c KRI  |e 20050520  |h  141.13 ΤΑΤ  |p 005400023461  |q 005400023461  |t BK  |y 0 
901 |a BIBL4-2005-2 
909 |a Ρ  |b 110692 
922 |a 4ΕΛΗ 
970 |a ΣΙΔΕΡΗ  |b ΝΕΚΤΑΡΙΑ  |z 2005/05/20